Be Cool, Scooby-Doo! Monsters - Statistics

General Stats
  • This quiz has been taken 60 times
  • The average score is 27 of 63
Answer Stats
Picture Answer % Correct
Ghost of Elias Kingston
75%
Alien
65%
Gargoyle
65%
Mummy
65%
Vampire
65%
Sobek
60%
Yeti
60%
Ghost of the Prima Donna
55%
Gremlin
55%
Grim Reaper
55%
Jester
55%
Pterodactyl
55%
Scarecrow
55%
Werewolf
55%
Baba Yaga
50%
Ghost of Christmas Future
50%
Ghost of Christmas Past
50%
Ghost of Christmas Present
50%
Ghost of Half-Beard
50%
Houndbeast
50%
Kaniaku
50%
Madcap the Killer Clown
50%
Spirit of El Bandito
50%
Ghost of Chip Braverton
45%
Ghost of Mother
45%
Headless Count
45%
Huge McFinn
45%
Minus
45%
Possessed Mystery Machine
45%
Professor Huh?
45%
Tengu
45%
Crystal Crawler
40%
Ghost of Amos Littlefield
40%
Ghost of Stealin' Stan
40%
Harpy
40%
Manticore
40%
Phantoms
40%
Pizza O'Possum
40%
Sea Creatures
40%
Toxic Mutant
40%
Viking Ghosts
40%
Demon of Salem
35%
Ghost Chef
35%
Mutant Rabbit
35%
Sorcerer
35%
Ape Man
30%
Arachne
30%
Butler 3000
30%
Dorsal Foot
30%
Hemogoblin
30%
Mr. Roundy
30%
Plant Monster
30%
Space Kook
30%
Swamp Beast
30%
Tarasque
30%
Haniver
25%
Ice Man
25%
Spirit of Jacob Marley
25%
Trash Monster
25%
Tzitzimitl
25%
Ghost of the Cliff Bride
20%
Ghost of Archie Barns
15%
Spirit of Zatari Warrior
15%
No matching quizzes found
Score Distribution
Percent of People with Each Score
Percentile by Number Answered
Your Score History
You have not taken this quiz